The year's work in critical and cultural theory
Αποθηκεύτηκε σε:
| Άλλοι συγγραφείς: | |
|---|---|
| Μορφή: | Βιβλίο |
| Γλώσσα: | English |
| Δημοσίευση: |
Oxford :
Blackwell,
1996
|
| Σειρά: | Blackwell reference
|
| Θέματα: | |
| Ετικέτες: |
Προσθήκη ετικέτας
Δεν υπάρχουν, Καταχωρήστε ετικέτα πρώτοι!
|
MARC
| LEADER | 00000cam a2200000 i 4500 | ||
|---|---|---|---|
| 001 | 1/89176 | ||
| 008 | 990910s1996 eng d | ||
| 020 | |a 0-631-18859-2 | ||
| 035 | |l 10052721 | ||
| 040 | |a GR-MY-UA |b gre |e aacr | ||
| 041 | 0 | |a eng | |
| 082 | 0 | |a 801.9505 | |
| 245 | 1 | 4 | |a The year's work in critical and cultural theory / |c Edited by Stephen Regan |
| 260 | |a Oxford : |b Blackwell, |c 1996 | ||
| 300 | |a 374 p. | ||
| 490 | 1 | |a Blackwell reference | |
| 504 | |a Includes index | ||
| 650 | 0 | 0 | |a Criticism |x Periodicals. |
| 650 | 0 | 0 | |a Critical theory |x Periodicals. |
| 650 | 0 | 0 | |a Culture |x Periodicals. |
| 700 | 1 | |a Regan, Stephen, |d 1957- |4 edt | |
| 830 | 0 | |a Blackwell reference | |
| 852 | |a INST |b LESVOS |e 19990910 |h 801.9505 YEA |p 005100015824 |q 005100015824 |t BK |y 0 |z v.2 | ||
| 852 | |a INST |b LESVOS |e 19990910 |h 801.9505 YEA |p 005100015824 |q 005100015824 |t BK |v v.2: |y 0 |z v.2 | ||
| 853 | |a INST |b LESVOS |h 801.9505 YEA | ||
| 901 | |a BIBL1-1999-2 | ||
| 909 | |a Λ |b 067006 | ||
| 970 | |z 1999/09/10 |a ΚΑΜΑΤΣΟΥ |b ΔΕΣΠΟΙΝΑ | ||